Modern social work theory / (Record no. 174687)

000 -LEADER
fixed length control field 01386cam a2200337 i 4500
001 - CONTROL NUMBER
control field 17891371
003 - CONTROL NUMBER IDENTIFIER
control field Nust
005 - DATE AND TIME OF LATEST TRANSACTION
control field 20180117090022.0
008 - FIXED-LENGTH DATA ELEMENTS--GENERAL INFORMATION
fixed length control field 130919s2014 ilua b 001 0 eng
010 ## - LIBRARY OF CONGRESS CONTROL NUMBER
LC control number 2013037403
020 ## - INTERNATIONAL STANDARD BOOK NUMBER
International Standard Book Number 9781935871064 (alk. paper)
040 ## - CATALOGING SOURCE
Original cataloging agency DLC
Language of cataloging eng
Transcribing agency DLC
Description conventions rda
Modifying agency DLC
042 ## - AUTHENTICATION CODE
Authentication code pcc
050 00 - LIBRARY OF CONGRESS CALL NUMBER
Classification number HV40
Item number .P33 2014
082 00 - DEWEY DECIMAL CLASSIFICATION NUMBER
Classification number 361.301
Edition number 23
100 1# - MAIN ENTRY--PERSONAL NAME
Personal name Payne, Malcolm,
Dates associated with a name 1947-
245 10 - TITLE STATEMENT
Title Modern social work theory /
Statement of responsibility, etc. Malcolm Payne.
250 ## - EDITION STATEMENT
Edition statement 4th edition.
264 #1 - PRODUCTION, PUBLICATION, DISTRIBUTION, MANUFACTURE, AND COPYRIGHT NOTICE
Place of production, publication, distribution, manufacture Chicago, Illinois :
Name of producer, publisher, distributor, manufacturer Lyceum Books, Inc.,
Date of production, publication, distribution, manufacture, or copyright notice [2014]
300 ## - PHYSICAL DESCRIPTION
Extent xx, 441 pages :
Other physical details illustrations ;
Dimensions 25 cm
336 ## - CONTENT TYPE
Content type term text
Source rdacontent
337 ## - MEDIA TYPE
Media type term unmediated
Source rdamedia
338 ## - CARRIER TYPE
Carrier type term volume
Source rdacarrier
504 ## - BIBLIOGRAPHY, ETC. NOTE
Bibliography, etc. note Includes bibliographical references (pages 402-427) and indexes.
650 #0 - SUBJECT ADDED ENTRY--TOPICAL TERM
Topical term or geographic name entry element Social service
General subdivision Philosophy.
906 ## - LOCAL DATA ELEMENT F, LDF (RLIN)
a 7
b cbc
c orignew
d 1
e ecip
f 20
g y-gencatlg
942 ## - ADDED ENTRY ELEMENTS (KOHA)
Source of classification or shelving scheme
Koha item type Book
Holdings
Withdrawn status Lost status Source of classification or shelving scheme Damaged status Not for loan Collection code Permanent Location Current Location Shelving location Date acquired Total Checkouts Full call number Barcode Date last seen Date last checked out Price effective from Koha item type
            Central Library (CL) Central Library (CL) General Stacks 02/07/2017 1 361.301 PAY S3H-P-189 07/04/2022 10/19/2017 02/07/2017 Book
            Central Library (CL) Central Library (CL) General Stacks 02/07/2017   361.301 PAY S3H-P-190 02/07/2017   02/07/2017 Book
© 2023 Central Library, National University of Sciences and Technology. All Rights Reserved.